<?xml version="1.0" encoding="UTF-8"?>
<collection xmlns="http://www.loc.gov/MARC21/slim">
 <record>
  <leader>02323nam a2200289 a 4500</leader>
  <controlfield tag="001">TVCDKTCT4752</controlfield>
  <controlfield tag="003">Thư viện trường Cao đẳng Kỹ thuật Cao Thắng</controlfield>
  <controlfield tag="005">20060418000000</controlfield>
  <controlfield tag="008">060418</controlfield>
  <datafield tag="980" ind1="\" ind2="\">
   <subfield code="a">Thư viện Trường CĐ Kỹ Thuật Cao Thắng</subfield>
  </datafield>
  <datafield tag="024" ind1=" " ind2=" ">
   <subfield code="a">RG_1 #1 eb0 i1</subfield>
  </datafield>
  <datafield tag="041" ind1="0" ind2="#">
   <subfield code="a">vie</subfield>
  </datafield>
  <datafield tag="082" ind1="#" ind2="#">
   <subfield code="a">370 / </subfield>
   <subfield code="b">Đ450H-th</subfield>
  </datafield>
  <datafield tag="100" ind1="1" ind2="#">
   <subfield code="a">Đõ Hữu Hào, </subfield>
   <subfield code="e">Chủ biên</subfield>
  </datafield>
  <datafield tag="245" ind1="0" ind2="0">
   <subfield code="a">Thống kê giáo dục &amp; đào tạo T.p Hồ Chí Minh /</subfield>
   <subfield code="c">Đõ Hữu Hào</subfield>
  </datafield>
  <datafield tag="246" ind1="0" ind2="1">
   <subfield code="a">Statistical education and training in Ho Chi Minh City</subfield>
  </datafield>
  <datafield tag="250" ind1="#" ind2="#">
   <subfield code="a">In lần thứ 1</subfield>
  </datafield>
  <datafield tag="260" ind1="#" ind2="#">
   <subfield code="a">Thành Phố Hồ Chí Minh :</subfield>
   <subfield code="b">Thông kê ,</subfield>
   <subfield code="c">1999</subfield>
  </datafield>
  <datafield tag="300" ind1="#" ind2="#">
   <subfield code="a">476tr. ;</subfield>
   <subfield code="c">27cm</subfield>
  </datafield>
  <datafield tag="520" ind1="#" ind2="#">
   <subfield code="a">Ấn phẩm &quot;GIÁO DỤC - ĐÀO TAO THÀNH PHỐ HỒ CHÍ MINH VÀO THẾ KỶ XXI&quot; ra mắt bạn đọc hôm nay nhằm góp phần thực hiện lời chỉ dẫn ân cần của Đ/c Tổng bí thư Lê Khả Phiêu, Chào mừng ngày Nhà giáo Việt Nam 20/11, Chào mừng Nhà giáo Thành phố Hồ Chí Minh - những kỹ sư tâm hồn có vinh dự dẫn dắt thế hệ trẻ của Thành phố mang tên Bác bước vào thế kỷ XXI.</subfield>
  </datafield>
  <datafield tag="520" ind1="#" ind2="#">
   <subfield code="a">Gồm những nội dung như:</subfield>
  </datafield>
  <datafield tag="520" ind1="#" ind2="#">
   <subfield code="a">  Những thành tựu đã qua, phương hướng, nhiệm vụ và triển vọng của Giáo dục - Đào tạo thành phố những năm đầu của thế kỷ 21.</subfield>
  </datafield>
  <datafield tag="520" ind1="#" ind2="#">
   <subfield code="a">  Luật Giáo dục, những văn bản pháp qui, những qui định, thông tin mới và cần thiết cho các cán bộ, chuyên viên chỉ đạo, các thầy Hiệu trưởng, Hiệu phó các trường, các thầy cô giáo và phụ huynh HS.</subfield>
  </datafield>
  <datafield tag="520" ind1="#" ind2="#">
   <subfield code="a">  Những điều cần biết cho HS - SV về học bổng, học tập, thi cử tuyển sinh, du học.</subfield>
  </datafield>
  <datafield tag="520" ind1="#" ind2="#">
   <subfield code="a">  Toàn cảnh hệ thống trường học tại TP cùng với các thầy cô Hiệu trưởng đương nhiệm và các thông tin cần thiết khác của môi trường</subfield>
  </datafield>
  <datafield tag="650" ind1="#" ind2="4">
   <subfield code="a">Giáo dục--Thống kê</subfield>
  </datafield>
  <datafield tag="650" ind1="#" ind2="4">
   <subfield code="a">Thành phố Hồ Chí Minh</subfield>
  </datafield>
 </record>
</collection>
